书目信息 |
| 题名: |
上海通用别克车系发动机维修精华
|
|
| 作者: | 栾琪文 主编 | |
| 分册: | ||
| 出版信息: | 沈阳 辽宁科学技术出版社 2012.08 |
|
| 页数: | 624页 | |
| 开本: | 29cm | |
| 丛书名: | ||
| 单 册: | ||
| 中图分类: | U469.1 | |
| 科图分类: | ||
| 主题词: | 轿车--发动机--维修 , 轿车 , 发动机 | |
| 电子资源: | ||
| ISBN: | 978-7-5381-7501-1 | |
| 000 | 00950nam0 2200265 450 | |
| 001 | 0400006782 | |
| 005 | 20171108161458.0 | |
| 010 | @a978-7-5381-7501-1@dCNY79.00 | |
| 100 | @a20120930d2012 em y0chiy50 ea | |
| 101 | 0 | @achi |
| 102 | @aCN@b210000 | |
| 105 | @aa z 000yy | |
| 106 | @ar | |
| 200 | 1 | @a上海通用别克车系发动机维修精华@Ashang hai tong yong bie ke che xi fa dong ji wei xiu jing hua@f栾琪文主编 |
| 210 | @a沈阳@c辽宁科学技术出版社@d2012.08 | |
| 215 | @a624页@c图@d29cm | |
| 330 | @a本书对君越、君威、英朗、凯越、林荫大道等车型的发动机检修内容做了较详细的介绍,包括在故障诊断时必不可少的电控元件位置图、电控单元端子图、电路图、数据流、检测方法、故障码诊断方法、正时校对方法、维修数据等。 | |
| 606 | 0 | @a轿车@x发动机@x维修 |
| 606 | 0 | @a轿车 |
| 606 | 0 | @a发动机 |
| 610 | 0 | @a别克轿车 |
| 690 | @aU469.1@v5 | |
| 701 | 0 | @a栾琪文@Aluan qi wen@4主编 |
| 801 | 0 | @aCN@b上海新华@c20171105 |
| 905 | @b1024296-300@dU469.1@e673@f5 | |
| 上海通用别克车系发动机维修精华/栾琪文主编.-沈阳:辽宁科学技术出版社,2012.08 |
| 624页:图;29cm |
| ISBN 978-7-5381-7501-1:CNY79.00 |
| 本书对君越、君威、英朗、凯越、林荫大道等车型的发动机检修内容做了较详细的介绍,包括在故障诊断时必不可少的电控元件位置图、电控单元端子图、电路图、数据流、检测方法、故障码诊断方法、正时校对方法、维修数据等。 |
| ● |
| 相关链接 |
|
|
|
|
正题名:上海通用别克车系发动机维修精华
索取号:U469.1/673
 
预约/预借
| 序号 | 登录号 | 条形码 | 馆藏地/架位号 | 状态 | 备注 |
| 1 | 1024296 | 210242968 | 第二样本阅览室/ [索取号:U469.1/673] | 在馆 | |
| 2 | 1024297 | 210242977 | 密集书库-物理学院/ [索取号:U469.1/673] | 在馆 | |
| 3 | 1024298 | 210242986 | 第三借阅区/ [索取号:U469.1/673] | 在馆 | |
| 4 | 1024299 | 210242995 | 第三借阅区/ [索取号:U469.1/673] | 在馆 | |
| 5 | 1024300 | 210243002 | 第三借阅区/ [索取号:U469.1/673] | 在馆 |